| 000 | 00444nam a2200121Ia 4500 | ||
|---|---|---|---|
| 008 | 220615s9999||||xx |||||||||||||| ||und|| | ||
| 100 | _aMaher, Mary Lou||Gu, Ning | ||
| 245 | 0 | _aDesigning Adaptive Virtual Worlds | |
| 546 | _aEnglish[eng] | ||
| 650 | _aAdaptive virtual worlds||design grammars||generative design agents||virtual environments||agent modelling||computer modelling | ||
| 856 | _uhttps://doi.org/10.2478/9783110367669 | ||
| 942 | _cEB | ||
| 999 |
_c18550 _d18550 |
||